مكتبة جامعة عجلون الوطنية

فهرس بحث المكتبة

Scientific Research Marketing : (Record no. 33486)

MARC details
000 -LEADER
fixed length control field 00614nam a22001937a 4500
003 - CONTROL NUMBER IDENTIFIER
control field JO-AjAnu
005 - DATE AND TIME OF LATEST TRANSACTION
control field 20240501114047.0
008 - FIXED-LENGTH DATA ELEMENTS--GENERAL INFORMATION
fixed length control field 240501b jo ||||| |||| 00| 0 ara d
020 ## - INTERNATIONAL STANDARD BOOK NUMBER
International Standard Book Number 9786202554497
040 ## - CATALOGING SOURCE
Original cataloging agency JO-AjAnu
Language of cataloging eng
Transcribing agency JO-AjAnu
Modifying agency JO-AjAnu
Description conventions rda
041 #0 - LANGUAGE CODE
Language code of text/sound track or separate title eng
Language code of original eng
050 ## - LIBRARY OF CONGRESS CALL NUMBER
Classification number Q180
Item number 2020
100 #1 - MAIN ENTRY--PERSONAL NAME
Personal name Abdelghany,Mohammad
Relator term author
9 (RLIN) 65404
245 #0 - TITLE STATEMENT
Title Scientific Research Marketing :
Remainder of title Tarms and Concepts /
Statement of responsibility, etc. Mohammad Abdelghany
260 ## - PUBLICATION, DISTRIBUTION, ETC.
Name of publisher, distributor, etc. LAP LAMBERT Academic Publishing ,
Date of publication, distribution, etc. 2020
300 ## - PHYSICAL DESCRIPTION
Extent 148 page
650 70 - SUBJECT ADDED ENTRY--TOPICAL TERM
Topical term or geographic name entry element Scientific Research
Form subdivision Scientific Research
9 (RLIN) 65405
942 ## - ADDED ENTRY ELEMENTS (KOHA)
Source of classification or shelving scheme Library of Congress Classification
Koha item type Books
Suppress in OPAC No
Holdings
Withdrawn status Lost status Source of classification or shelving scheme Damaged status Not for loan Home library Current library Date acquired Total Checkouts Full call number Barcode Date last seen Price effective from Koha item type
    Library of Congress Classification     مكتبة جامعة عجلون الوطنية مكتبة جامعة عجلون الوطنية 01/05/2024   Q180 2020 e3693 01/05/2024 01/05/2024 Books
    Library of Congress Classification     مكتبة جامعة عجلون الوطنية مكتبة جامعة عجلون الوطنية 01/05/2024   Q180 2020 e3694 01/05/2024 01/05/2024 Books